000 00657cam a2200241 4500
008 090401t1998 xxu||||| |||| 00| 0 eng d
020 _a185418069X
035 _a(Sirsi) u85746
041 _aeng
050 _a658.4
245 _aDeveloping yourself and your staff.
260 _aLondon
_bThorogood
_c1998
300 _a235p. ; 21x9cm.
350 _a10.99
490 _aBusiness Action Pocketbook
650 _aMANAGEMENT
650 _aSTAFF DEVELOPMENT
650 _aCAREERS, EDUCATION AND TRAINING
690 _aMANAGEMENT-BUSINESS MANAGEMENT-PROFESSIONAL PRACTICE
700 _aIrwin, David
_xEditor
942 _n0
948 _c22/04/1998
999 _c97071
_d97071